| 000 | 00591nam a2200205 i 4500 | ||
|---|---|---|---|
| 001 | 88768 | ||
| 003 | ES-MaACL | ||
| 005 | 20250813014532.0 | ||
| 007 | t| | ||
| 008 | 041213s1929 fr ||||1| fre d | ||
| 080 | _a821.133.1-31"17" | ||
| 100 | 1 |
_aDiderot, Denis, _d1713-1784 _944511 |
|
| 245 | 1 | 0 |
_aJacques le fataliste et son maitre / _cDiderot. |
| 260 |
_aParis : _b[s.n., _c1929] |
||
| 300 |
_a189 p. : _bil. ; _c19 cm. |
||
| 490 | 1 |
_aScripta manent ; _v40 |
|
| 830 | 0 |
_aScripta manent ; _v40 _9184071 |
|
| 852 |
_aES-MaACL _jE-10624 _bR.134811 |
||
| 999 |
_c88768 _d88768 |
||